F1 2021 Grid - Statistics

General Stats
  • This quiz has been taken 517 times
  • The average score is 18 of 20
Answer Stats
Number Nationality Driver % Correct
44 Uk Lewis Hamilton
100%
11 Mexico Sergio Perez
97%
77 Finland Valtteri Bottas
97%
14 Spain Fernando Alonso
96%
4 Uk Lando Norris
96%
33 Netherlands Max Verstappen
96%
10 France Pierre Gasly
95%
16 Monaco Charles Leclerc
94%
55 Spain Carlos Sainz
93%
5 Germany Sebastian Vettel
93%
3 Australia Daniel Ricciardo
92%
18 Canada Lance Stroll
92%
31 France Esteban Ocon
91%
22 Japan Yuki Tsunoda
91%
63 Uk George Russell
90%
9 Russia Nikita Mazepin
87%
6 Canada Nicholas Latifi
85%
7 Finland Kimi Raikkonen
83%
47 Germany Mick Schumacher
83%
99 Italy Antonio Giovinazzi
76%
No matching quizzes found
Score Distribution
Percent of People with Each Score
Percentile by Number Answered
Your Score History
You have not taken this quiz